00305nam a2200121Ia 4500008004100000041000800041082001800049100001500067245002800082260003600110300003000146365000700176240624s9999 xx 000 0 und d aeng a344.01252 MUT aMUTHUSWAMY aPENSION RULES MADE EASY c2005aChennaibSwamy Publishers avi, : 248 : p. : cm. ; 25 cRS